[Event "VIE-ch U15"]
[Site "Hanoi"]
[Date "2022.06.11"]
[Round "1"]
[White "Nguyen, Phuoc Quy An"]
[Black "Tran, Nguyen Dang Khoa1"]
[Result "0-1"]
[WhiteElo "2329"]
[BlackElo "2314"]
[PlyCount "160"]
[EventDate "2022.06.11"]
[EventType "swiss"]
[EventRounds "9"]
[EventCountry "VIE"]
[SourceTitle "EXT 2023"]
[Source "ChessBase"]
[SourceDate "2022.10.05"]
[SourceVersion "1"]
[SourceVersionDate "2022.10.05"]
[SourceQuality "1"]

1. d4 Nf6 2. c4 e5 3. dxe5 Ng4 4. Nf3 Nc6 5. e3 Ngxe5 6. Be2 d6 7. 0-0 Be7 8. Nc3 0-0 9. Nd5 Bf6 10. Nd4 Be6 11. Nxf6+ Qxf6 12. b3 Qg6 13. Kh1 Bf5 14. Nxf5 Qxf5 15. Bb2 Nb4 16. Bc3 Nbc6 17. f3 h5 18. e4 Qg6 19. Qd5 Rae8 20. b4 Qe6 21. b5 Nd8 22. Rae1 c6 23. Qxe6 Rxe6 24. f4 Ng4 25. Bxg4 hxg4 26. f5 Rh6 27. Rf4 f6 28. Rxg4 Kf7 29. Rd1 Ke7 30. Rxg7+ Nf7 31. Bb4 c5 32. Bc3 Rfh8 33. h3 Kf8 34. Rg4 Rxh3+ 35. gxh3 Rxh3+ 36. Kg1 Rxc3 37. Rg6 Ke7 38. Rg8 Rxc4 39. Ra8 Ra4 40. Rd2 Ng5 41. Rb8 Nf3+ 42. Kf2 Nxd2 43. Rxb7+ Kd8 44. e5 dxe5 45. Ke3 Nc4+ 46. Kd3 Nd6 47. Rh7 Nxb5 48. Kc2 Nd4+ 49. Kc3 Nxf5 50. Kb3 Rb4+ 51. Ka3 Ne7 52. Rh8+ Kc7 53. Rc8+ Kb6 54. Rc6+ Ka5 55. Ra6+ Kb5 56. Ra5+ Kc4 57. Rxc5+ Kd3 58. Kxb4 e4 59. Rc3+ Kd2 60. Rh3 e3 61. Kc4 Nc6 62. Rh6 e2 63. Rxf6 Ne5+ 64. Kd5 e1Q 65. Re6 Qa1 66. Rxe5 Qxa2+ 67. Kd6 a5 68. Rh5 Kc3 69. Rh3+ Kb4 70. Rh8 Qc4 71. Rb8+ Qb5 72. Rg8 a4 73. Kc7 a3 74. Rg4+ Qc4+ 75. Rxc4+ Kxc4 76. Kb6 a2 77. Kc6 a1Q 78. Kd6 Qf6+ 79. Kd7 Kc5 80. Ke8 Qg7 0-1